| 000 | 01329cam a22003857a 4500 | ||
|---|---|---|---|
| 003 | CHAP | ||
| 005 | 20220329133120.0 | ||
| 008 | 971013s1990 r 00010 d | ||
| 010 | _a2325 | ||
| 011 | _a3297 | ||
| 035 | _a2497 | ||
| 040 | _cCHAP | ||
| 090 | _aTesis | ||
| 100 | 0 | 0 |
_aPalmeros Torres, Isaac. _985003 |
| 245 | 0 | _aPROTOP (Programas de cómputo para topografías) | |
| 260 |
_aChapingo, Méx. : _bEl Autor, _c1990 |
||
| 300 |
_a145 h. _b: ilus. |
||
| 502 | _aTesis (Ing. Agr. Esp. en Irrigación) -- UACH. Departamento de Irrigación | ||
| 590 |
_aALEPH _b10 _c20130110 _lUCH01 _h1212 |
||
| 590 |
_aBATCH-UPD _b10 _c20130109 _lUCH01 _h2348 |
||
| 590 |
_aBATCH-UPD _b10 _c20130110 _lUCH01 _h1207 |
||
| 590 |
_aBATCH-UPD _b10 _c20130409 _lUCH01 _h1919 |
||
| 590 |
_aBATCH-UPD _b10 _c20130410 _lUCH01 _h0748 |
||
| 590 |
_aBATCH-UPD _b10 _c20130914 _lUCH01 _h1721 |
||
| 590 |
_aCONVERSION _b10 _c20130109 _lUCH01 _h1303 |
||
| 650 | 1 | 4 |
_aLenguajes de programación. _965989 |
| 650 | 1 | 4 |
_aLevantamiento topográfico. _966426 |
| 650 | 1 | 4 |
_aProcesamiento automático de datos en topografía. _991815 |
| 650 | 1 | 4 |
_aTopografía. _9113907 |
| 710 | 0 |
_aUACH. Departamento de Irrigación. _9115874 |
|
| 901 | _aBK | ||
| 942 | _cTESIS | ||
| 949 |
_bBC _cTES _d-15263 _eTS1 _h23246 _i2497 _si |
||
| 949 |
_bI _cTESBD _d-7119 _eTS1 _h474 _i2497 _si |
||
| 999 |
_c2325 _d2325 |
||